Affrontez l'Alphabet #28 (spécial basketteurs) - Statistiques

Statistiques générales
  • Ce quiz a été pris 80 fois
  • Le résultat moyen est 7 sur 11
Statistiques - réponses
Hint Réponse % Correct
Donne les 2 lettres manquantes dans le nom de ce basketteur : Kareem Abdul-_abba_
JR
100%
Donne les 2 lettres manquantes dans le nom de ce basketteur : Dirk No_itz_i
WK
80%
Donne les 2 lettres manquantes dans le nom de ce basketteur : _akeem _lajuwon
HO
70%
Donne les 2 lettres manquantes dans le nom de ce basketteur : Oscar Rober_ _on
TS
69%
Donne les 2 lettres manquantes dans le nom de ce basketteur : Kevin _ _rnett
GA
65%
Donne les 2 lettres manquantes dans le nom de ce basketteur : Larry _ir_
BD
57%
Donne les 2 lettres manquantes dans le nom de ce basketteur : Patrick _w_ng
EI
57%
Donne les 2 lettres manquantes dans le nom de ce basketteur : La_ar_us Aldridge
MC
50%
Donne les 2 lettres manquantes dans le nom de ce basketteur : Brook Lo_e_
PZ
46%
Donne les 2 lettres manquantes dans le nom de ce basketteur : Cl_de Dre_ler
YX
35%
Dernière Question : Donne la lettre manquante dans le nom de ce basketteur : Larry _ance
N
26%
Aucun quiz correspondant
Distribution des résultats
% des personnes avec chaque résultat
Percentile par nombre de réponses
Votre historique - résultats
Vous n’avez pas pris ce quiz